000
00212 a2200097 4500
001
3092
100
_a
Mushahi, H
245
_a
Palr & the changing regional
260
_a
_b
Progress books
_c
090
_c
2374
_d
2374
942
_a
NUST-CAE
_c
M
_c
15269
999
_c
238165
_d
238165